000
00306nam a2200121 a 4500
008
110104s1980|||| d
100
1
_a
Lenin, V. I.
245
1
0
_a
Zobrané spisy 7
_b
September 1902 - september 1903
260
_b
Pravda
_a
Bratislava
_c
1980
020
_c
18
044
_a
xo
_c
SK
041
_a
slo
999
_c
15427
_d
15427